Measuring the economic impact of the synergies between CCIs and tourism: the case European capital of culture Kosice 2013
Metodický rámec cestovného ruchu a meranie ekonomického dopadu kreatívneho priemyslu v oblasti cestovného ruchu, ako na národnej, tak aj regionálnej úrovni. Spôsoby, ako merať ekonomický dopad na miesto určenia prostredníctvom väzieb medzi CCI a cestovným ruchom. Priame a nepriame ekonomické dopady...
Gespeichert in:
| 1. Verfasser: | |
|---|---|
| Format: | Buchkapitel |
| Sprache: | Englisch |
| Schlagworte: | |
| Tags: |
Keine Tags, Fügen Sie das erste Tag hinzu!
|
MARC
| LEADER | 00000nla a2200000 4500 | ||
|---|---|---|---|
| 001 | 0226446 | ||
| 005 | 20240502073725.7 | ||
| 041 | 0 | |a eng | |
| 044 | |a SK | ||
| 245 | 1 | 0 | |a Measuring the economic impact of the synergies between CCIs and tourism: the case European capital of culture Kosice 2013 |c Friedrik Heidema |
| 520 | |a Metodický rámec cestovného ruchu a meranie ekonomického dopadu kreatívneho priemyslu v oblasti cestovného ruchu, ako na národnej, tak aj regionálnej úrovni. Spôsoby, ako merať ekonomický dopad na miesto určenia prostredníctvom väzieb medzi CCI a cestovným ruchom. Priame a nepriame ekonomické dopady na regionálnu ekonomiku. | ||
| 610 | 2 | 0 | |a ruch cestovný regionálny |
| 610 | 2 | 0 | |a politika ruchu cestovného |
| 610 | 2 | 0 | |a kreativita |
| 610 | 2 | 0 | |a kultúra |
| 610 | 2 | 0 | |a ekonomika regionálna |
| 610 | 2 | 0 | |a metodika |
| 610 | 2 | 0 | |a meranie |
| 100 | 1 | |a Heidema, Friedrik, 1969- | |